000
00241nam a2200097Ia 4500
001
721805
005
20250826163259.0
008
250824s9999 xx 000 0 und d
245
0
_a
SEVGİ KÖPRÜSÜ
_c
MUSTAFA AKGÜN
260
_b
PANAMA YAYINLARI
999
_c
721805
_d
721805